000 01080nam a2200289 a 4500
001 BRCA_4444
005 20190320204656.0
008 240810s1908----enka###f##---#000-0#eng-#
041 _aeng
044 _aenk
050 4 _aDP17
_b.C35 19
_c1908
100 1 _aCalvert, Albert F.
_d1872-1946
_911263
245 1 0 _aLeon, Burgos and Salamanca
_bA historical and descriptive account
_cBy Albert, F. Calvert.
260 _aLondres: Nueva York, The Bodley Head
_bJohn Lane
_c1908
300 _axxv, 151 p. (v.19)
_bil., 462 láminas
_c20 cm.
440 0 _aThe spanish series
_v19
_911264
500 _aIncluye índice de ilustraciones
500 _aHojas sueltas al principio y al final de las láminas
500 _aCon ex-libris de : Daniel H. Farr
500 _aCEO1
650 1 4 _aDescripción y viajes
_zEspaña
_911265
651 4 _aEspaña
_xDescripción y viajes
_zLeón (provincia)
_911266
651 4 _aEspaña
_xDescripción y viajes
_zBurgos (provincia)
_911267
651 4 _aEspaña
_xDescripción y viajes
_zSalamanca (provincia)
_911268
902 _aGFM
942 _2lcc
_cB
999 _c4153
_d4153